[Event "CYCC U16/18 w"]
[Site "Montreal CAN"]
[Date "2014.07.16"]
[Round "4"]
[White "Zhang, Manxuan (Rebecca)"]
[Black "Ma, Indy"]
[Result "0-1"]
[WhiteElo "1496"]
[BlackElo "1631"]
[PlyCount "142"]
[EventDate "2014.07.15"]
[EventType "tourn"]
[EventRounds "7"]
[EventCountry "CAN"]

1. e4 c5 2. Na3 d6 3. c3 Nf6 4. g3 b6 5. Bg2 Bb7 6. d3 e6 7. Bg5 Be7 8. Nf3
Nbd7 9. O-O O-O 10. Re1 h6 11. Bf4 e5 12. Bd2 Bc6 13. h3 b5 14. Be3 Qc7 15. Nd2
Rfb8 16. Nc2 a5 17. d4 b4 18. d5 Ba4 19. c4 Bxc2 20. Qxc2 a4 21. b3 axb3 22.
axb3 Ra5 23. Ra2 Rba8 24. Rea1 R8a6 25. Qb2 Qa7 26. Rxa5 Rxa5 27. Rxa5 Qxa5 28.
f4 Qa3 29. Qb1 Nh5 30. Kh2 exf4 31. gxf4 Bh4 32. Nf3 Bg3+ 33. Kh1 Nxf4 34. Bxf4
Bxf4 35. Nh4 Nf6 36. Bf3 Kf8 37. Ng2 Be5 38. Ne3 Bb2 39. Qd1 Qa2 40. Ng2 Be5
41. Kg1 Bg3 42. Kh1 Qb2 43. Kg1 Qe5 44. Qe2 Qd4+ 45. Kf1 Bh2 46. Qe3 Qa1+ 47.
Qe1 Qb2 48. Qd1 Bg3 49. Kg1 g5 50. Kh1 h5 51. Kg1 g4 52. hxg4 hxg4 53. Be2 Nxe4
54. Bxg4 Bf2+ 55. Kh1 Qh8+ 56. Bh5 Ng3+ 57. Kh2 Qxh5+ 58. Qxh5 Nxh5 59. Kh3 f5
60. Nh4 Bxh4 61. Kxh4 f4 62. Kg4 Kf7 63. Kf3 Kf6 64. Ke4 Kg5 65. Kf3 Kf5 66.
Kf2 Ke4 67. Ke2 f3+ 68. Kf2 Nf4 69. Kf1 Ke3 70. Ke1 Nd3+ 71. Kf1 f2 0-1

[Event "CYCC U16/18 w"]
[Site "Montreal CAN"]
[Date "2014.07.17"]
[Round "5"]
[White "Ma, Indy"]
[Black "Nyamdorj, Uranchimeg"]
[Result "1/2-1/2"]
[WhiteElo "1631"]
[BlackElo "1810"]
[PlyCount "74"]
[EventDate "2014.07.15"]
[EventType "tourn"]
[EventRounds "7"]
[EventCountry "CAN"]

1. d4 Nf6 2. c4 e6 3. Nc3 d5 4. Bg5 Nbd7 5. e3 Be7 6. Nf3 a6 7. a4 O-O 8. Bd3
dxc4 9. Bxc4 b6 10. O-O Bb7 11. Rc1 h6 12. Bh4 Nh7 13. Bxe7 Qxe7 14. d5 Ng5 15.
Nd4 Nc5 16. Qc2 Rad8 17. e4 Qf6 18. Rfd1 e5 19. Nf5 Ncxe4 20. Nxh6+ Qxh6 21.
Nxe4 Bc8 22. Nxg5 Qxg5 23. Qe4 Rd6 24. h4 Qh5 25. Be2 Qh6 26. Rxc7 Rf6 27. Rc6
Rd8 28. Rxf6 Qxf6 29. Qc4 Bb7 30. Qc7 Ba8 31. h5 a5 32. Bf3 Qd6 33. Qxd6 Rxd6
34. g4 Bb7 35. Kf1 Ba6+ 36. Be2 Bc8 37. b3 f5 1/2-1/2

[Event "CYCC U16/18 w"]
[Site "Montreal CAN"]
[Date "2014.07.17"]
[Round "5"]
[White "Pobereshnikova, Agniya"]
[Black "Zhang, Manxuan (Rebecca)"]
[Result "0-1"]
[WhiteElo "1492"]
[BlackElo "1442"]
[PlyCount "64"]
[EventDate "2014.07.15"]
[EventType "tourn"]
[EventRounds "7"]
[EventCountry "CAN"]

1. e4 c5 2. b4 e6 3. bxc5 Bxc5 4. d4 Be7 5. Nf3 Nf6 6. Bd3 Nc6 7. e5 Nd5 8. c3
a6 9. a4 d6 10. Qe2 Qc7 11. exd6 Bxd6 12. Bd2 Nf4 13. Bxf4 Bxf4 14. Nbd2 O-O
15. O-O e5 16. Nc4 exd4 17. cxd4 Bg4 18. Qe4 f5 19. Qe6+ Kh8 20. d5 Rae8 21. d6
Rxe6 22. dxc7 Bxc7 23. Ng5 Rg6 24. f3 Rxg5 25. fxg4 Rxg4 26. Ne3 Bb6 27. Rae1
Rxa4 28. Bxf5 Ra3 29. Be6 Bxe3+ 30. Kh1 Rxf1+ 31. Rxf1 g6 32. Bc8 b5 0-1

[Event "CYCC U16/18 w"]
[Site "Montreal CAN"]
[Date "2014.07.17"]
[Round "5"]
[White "Tao, Rachel"]
[Black "Li, Kristen"]
[Result "1-0"]
[WhiteElo "1651"]
[BlackElo "1646"]
[PlyCount "65"]
[EventDate "2014.07.15"]
[EventType "tourn"]
[EventRounds "7"]
[EventCountry "CAN"]

1. e4 c5 2. Nf3 d6 3. c4 Nc6 4. d4 cxd4 5. Nxd4 Nf6 6. Nc3 e6 7. Be2 a6 8. O-O
Be7 9. Be3 O-O 10. Qd2 Bd7 11. Rfd1 Qc7 12. f4 Rfd8 13. Bf3 Rab8 14. Rab1 Na5
15. b3 b5 16. cxb5 axb5 17. Rbc1 b4 18. Nd5 Qb7 19. Nxe7+ Kf8 20. e5 d5 21.
exf6 gxf6 22. Nxd5 exd5 23. Ne2 Be6 24. Bc5+ Kg8 25. f5 Bxf5 26. Qh6 Bg6 27.
Nf4 Kh8 28. Nxd5 Nc6 29. Nxf6 Rdc8 30. Bxc6 Rxc6 31. Bd4 Rd6 32. Ne8+ f6 33.
Nxd6 1-0

[Event "CYCC U16/18 w"]
[Site "Montreal CAN"]
[Date "2014.07.17"]
[Round "5"]
[White "Wang, Yan"]
[Black "Giblon, Rebecca"]
[Result "1/2-1/2"]
[WhiteElo "1574"]
[BlackElo "2062"]
[PlyCount "86"]
[EventDate "2014.07.15"]
[EventType "tourn"]
[EventRounds "7"]
[EventCountry "CAN"]

1. e4 e5 2. Nf3 Nc6 3. Bc4 Bc5 4. c3 Nf6 5. d4 exd4 6. cxd4 Bb4+ 7. Bd2 Nxe4 8.
Bxb4 Nxb4 9. Qb3 d5 10. Qxb4 dxc4 11. O-O Qd5 12. Re1 Be6 13. Na3 O-O-O 14.
Rac1 Ng5 15. Nxg5 Qxg5 16. Nxc4 Bh3 17. Ne3 Rhe8 18. Qc5 Qxc5 19. Rxc5 b6 20.
Rc3 Be6 21. Rd1 Bd5 22. h3 Kb8 23. a3 g6 24. b4 Rd6 25. Nxd5 Rxd5 26. Re3 Red8
27. Re7 R8d7 28. Rxd7 Rxd7 29. Kf1 Kb7 30. Ke2 Kc6 31. Kd3 Kb5 32. Kc3 Rd6 33.
Re1 Re6 34. Rxe6 fxe6 35. Kb3 a5 36. a4+ Ka6 37. b5+ Kb7 38. Kc4 c6 39. h4 Kc7
40. f3 Kd6 41. bxc6 Kxc6 42. g3 Kd6 43. Kb5 Kc7 1/2-1/2

[Event "CYCC U16/18 w"]
[Site "Montreal CAN"]
[Date "2014.07.17"]
[Round "6"]
[White "Giblon, Rebecca"]
[Black "Zhang, Manxuan (Rebecca)"]
[Result "1-0"]
[WhiteElo "2008"]
[BlackElo "1496"]
[PlyCount "47"]
[EventDate "2014.07.15"]
[EventType "tourn"]
[EventRounds "7"]
[EventCountry "CAN"]

1. e4 c5 2. Nf3 Nc6 3. d4 cxd4 4. Nxd4 Qb6 5. Nb3 Nf6 6. Nc3 e6 7. Bd3 d6 8.
Be3 Qc7 9. f4 Be7 10. Qf3 a6 11. O-O-O b5 12. g4 Rb8 13. g5 Nd7 14. Rdf1 Nc5
15. Nxc5 dxc5 16. e5 c4 17. Be4 Bb7 18. Kb1 Na5 19. f5 Bxe4 20. Nxe4 Bd8 21.
fxe6 fxe6 22. Qh5+ g6 23. Qf3 Rb7 24. Nf6+ 1-0

[Event "CYCC U16/18 w"]
[Site "Montreal CAN"]
[Date "2014.07.17"]
[Round "6"]
[White "Nyamdorj, Uranchimeg"]
[Black "Pobereshnikova, Agniya"]
[Result "1-0"]
[WhiteElo "1610"]
[BlackElo "1466"]
[PlyCount "77"]
[EventDate "2014.07.15"]
[EventType "tourn"]
[EventRounds "7"]
[EventCountry "CAN"]

1. e4 c5 2. Nf3 e6 3. g3 a6 4. Bg2 Nc6 5. O-O Nf6 6. Qe2 Qc7 7. Rd1 d5 8. exd5
Nxd5 9. d4 cxd4 10. Nxd4 Nxd4 11. Rxd4 Nb4 12. Nc3 Nc6 13. Rd1 Be7 14. Bf4 Qb6
15. Ne4 O-O 16. c3 e5 17. Bg5 f6 18. Be3 Qc7 19. Nc5 Kh8 20. Bd5 Nd8 21. b4 Rb8
22. Rac1 a5 23. h4 b6 24. Na6 Bxa6 25. Qxa6 Nf7 26. Be6 Qb7 27. Qe2 Nd6 28. b5
Rfd8 29. c4 Ne8 30. Bd5 Qc8 31. Qh5 g6 32. Qf3 Nc7 33. h5 Qh3 34. h6 f5 35. Qe2
Nxd5 36. cxd5 Bd6 37. Bg5 Rf8 38. Rc6 Bc5 39. Qxe5+ 1-0

[Event "CYCC U16/18 w"]
[Site "Montreal CAN"]
[Date "2014.07.17"]
[Round "6"]
[White "Wang, Yan"]
[Black "Tao, Rachel"]
[Result "1-0"]
[WhiteElo "1574"]
[BlackElo "1666"]
[PlyCount "109"]
[EventDate "2014.07.15"]
[EventType "tourn"]
[EventRounds "7"]
[EventCountry "CAN"]

1. e4 c5 2. Nf3 Nc6 3. Bb5 Qb6 4. Nc3 e6 5. O-O a6 6. Bc4 d6 7. a3 Nf6 8. d3
Be7 9. Rb1 O-O 10. h3 Qc7 11. Bg5 b5 12. Ba2 Bb7 13. Nd2 Nd4 14. Ne2 Nxe2+ 15.
Qxe2 Rfe8 16. f4 Rac8 17. Qf2 d5 18. e5 Nd7 19. Bxe7 Rxe7 20. c3 c4 21. d4 a5
22. Rbc1 b4 23. axb4 axb4 24. Bb1 g6 25. h4 bxc3 26. bxc3 Bc6 27. h5 Ree8 28.
Qh4 Qd8 29. Qh3 Kg7 30. Nf3 Qe7 31. Ng5 h6 32. Nxf7 Qxf7 33. Bxg6 Qe7 34. Bxe8
Rxe8 35. f5 exf5 36. Rxf5 Rf8 37. Rcf1 Rxf5 38. Qxf5 Nf8 39. Rf3 Bd7 40. Rg3+
Kh8 41. Qf4 Kh7 42. Qf2 Be6 43. Rf3 Kg7 44. Rf6 Bd7 45. Qf4 Kg8 46. Qxh6 Qg7
47. Qf4 Bh3 48. Qf2 Bd7 49. Qh4 Qg4 50. Qf2 Qd1+ 51. Qf1 Qxf1+ 52. Kxf1 Bg4 53.
h6 Bd7 54. Kf2 Bg4 55. h7+ 1-0

[Event "CYCC U16/18 w"]
[Site "Montreal CAN"]
[Date "2014.07.18"]
[Round "7"]
[White "Ma, Indy"]
[Black "Wang, Yan"]
[Result "1-0"]
[WhiteElo "1631"]
[BlackElo "1574"]
[PlyCount "51"]
[EventDate "2014.07.15"]
[EventType "tourn"]
[EventRounds "7"]
[EventCountry "CAN"]

1. d4 d5 2. c4 c6 3. Nf3 Nf6 4. Nc3 Nbd7 5. e3 e6 6. Bd3 Be7 7. O-O O-O 8. Qc2
h6 9. a3 a5 10. e4 dxe4 11. Nxe4 Nxe4 12. Bxe4 Nf6 13. Bf4 Bd6 14. Bg3 Ng4 15.
Ne5 h5 16. Qe2 f5 17. Bc2 f4 18. Qd3 Bxe5 19. Qh7+ Kf7 20. Qxh5+ Ke7 21. dxe5
fxg3 22. Qg5+ Nf6 23. Qxg7+ Rf7 24. exf6+ Ke8 25. Qg8+ Rf8 26. Bg6+ 1-0

[Event "CYCC U16/18 w"]
[Site "Montreal CAN"]
[Date "2014.07.18"]
[Round "7"]
[White "Pobereshnikova, Agniya"]
[Black "Li, Kristen"]
[Result "1/2-1/2"]
[WhiteElo "1492"]
[BlackElo "1646"]
[PlyCount "80"]
[EventDate "2014.07.15"]
[EventType "tourn"]
[EventRounds "7"]
[EventCountry "CAN"]

1. e4 c5 2. b4 cxb4 3. a3 d5 4. exd5 Qxd5 5. Nf3 e5 6. c4 bxc3 7. Nxc3 Qa5 8.
Bd3 Nf6 9. O-O Be7 10. Re1 Nc6 11. Bb5 e4 12. Nxe4 O-O 13. Bd3 Bg4 14. Bb2 Rad8
15. Bc3 Qh5 16. Bc2 Nd4 17. Neg5 Nxf3+ 18. Nxf3 Rde8 19. Ba4 b5 20. Bc2 Bc5 21.
Rxe8 Rxe8 22. d4 Bb6 23. Qd3 a6 24. h3 Be6 25. Rb1 Bc4 26. Qd1 Be2 27. Qd2 Bxf3
28. gxf3 Qxf3 29. Qd3 Qh5 30. Qg3 Nd5 31. Bb2 Bc7 32. Qg4 Qh6 33. Kf1 Nf6 34.
Qf3 Bh2 35. Kg2 Bf4 36. Kf1 Qg5 37. Qg2 Qh6 38. Qf3 Nd5 39. Re1 Rxe1+ 40. Kxe1
Nc7 1/2-1/2

[Event "CYCC U16/18 w"]
[Site "Montreal CAN"]
[Date "2014.07.18"]
[Round "7"]
[White "Tao, Rachel"]
[Black "Giblon, Rebecca"]
[Result "1/2-1/2"]
[WhiteElo "1651"]
[BlackElo "2062"]
[PlyCount "54"]
[EventDate "2014.07.15"]
[EventType "tourn"]
[EventRounds "7"]
[EventCountry "CAN"]

1. e4 e5 2. Bc4 Nf6 3. d3 Nc6 4. Nf3 d6 5. O-O Be6 6. Bb3 Qd7 7. c3 O-O-O 8.
Nbd2 d5 9. Qe2 Bd6 10. a4 dxe4 11. Bxe6 Qxe6 12. dxe4 h6 13. b4 Nh5 14. Nc4 Ne7
15. Nxd6+ Rxd6 16. c4 Ng6 17. g3 Qh3 18. Re1 Rhd8 19. Be3 Rf6 20. Rad1 Rxd1 21.
Rxd1 Qg4 22. Nd4 Qxe4 23. Qxh5 exd4 24. Rxd4 Qb1+ 25. Kg2 Qxb4 26. Qg4+ Re6 27.
f4 Qe7 1/2-1/2

[Event "CYCC U16/18 w"]
[Site "Montreal CAN"]
[Date "2014.07.18"]
[Round "7"]
[White "Zhang, Manxuan (Rebecca)"]
[Black "Nyamdorj, Uranchimeg"]
[Result "1/2-1/2"]
[WhiteElo "1442"]
[BlackElo "1810"]
[PlyCount "143"]
[EventDate "2014.07.15"]
[EventType "tourn"]
[EventRounds "7"]
[EventCountry "CAN"]

1. e4 e5 2. Nf3 Nc6 3. Nc3 Bc5 4. g3 Nf6 5. Bg2 d6 6. O-O Bg4 7. h3 Bh5 8. g4
Bg6 9. Nh4 Nxe4 10. Nxg6 Nxc3 11. dxc3 hxg6 12. Kh2 Qd7 13. f4 a5 14. a3 f6 15.
f5 Ne7 16. fxg6 Nxg6 17. Bxb7 Rb8 18. Be4 Nh4 19. b4 Bb6 20. Kg3 c6 21. Qe2 d5
22. Bf5 Nxf5+ 23. Rxf5 Ke7 24. Be3 Bc7 25. Raf1 Rh7 26. Rh1 g5 27. Qf2 d4 28.
Bc1 Qd5 29. Qg2 dxc3 30. bxa5 Bxa5 31. Rhf1 Qxg2+ 32. Kxg2 Rbh8 33. Rxf6 Rxh3
34. Bxg5 Rh2+ 35. Kf3 Kd7 36. Rf7+ Kc8 37. Re1 Bb6 38. Be3 R8h3+ 39. Ke4 Bxe3
40. Rxe3 Rxe3+ 41. Kxe3 Rxc2 42. Kd3 Rg2 43. Kxc3 Rxg4 44. Re7 Rg3+ 45. Kd2
Rxa3 46. Rxe5 Kd7 47. Rh5 Kd6 48. Rh6+ Kc5 49. Kc2 Kb5 50. Rh8 c5 51. Rb8+ Kc4
52. Rc8 Ra2+ 53. Kb1 Rf2 54. Rc7 Kb4 55. Rb7+ Kc3 56. Rc7 c4 57. Rh7 Rf1+ 58.
Ka2 Kc2 59. Rh2+ Kc1 60. Ka3 Rf3+ 61. Ka2 Rd3 62. Rh1+ Kc2 63. Rg1 c3 64. Rh1
Rd2 65. Rg1 Re2 66. Ka1 Kd2 67. Kb1 Kd3 68. Kc1 Kc4 69. Rg8 Kb3 70. Rb8+ Kc4
71. Rc8+ Kd3 72. Rd8+ 1/2-1/2

[Event "CYCC U18"]
[Site "Montreal CAN"]
[Date "2014.07.15"]
[Round "1"]
[White "Itkin, David"]
[Black "Robichaud, Nicolas"]
[Result "1-0"]
[WhiteElo "2212"]
[BlackElo "1715"]
[PlyCount "101"]
[EventDate "2014.07.15"]
[EventType "swiss"]
[EventRounds "7"]
[EventCountry "CAN"]

1. e4 c5 2. Nf3 g6 3. d4 cxd4 4. Nxd4 Nc6 5. Nc3 Bg7 6. Be3 Nf6 7. Bc4 Qa5 8.
O-O O-O 9. Bb3 d6 10. h3 Bd7 11. f4 Nxd4 12. Bxd4 Bc6 13. Nd5 Rfe8 14. Bc3 Qd8
15. Nxf6+ exf6 16. Bd5 Qc7 17. Kh1 Re7 18. Bb4 Bxd5 19. Qxd5 Qxc2 20. e5 fxe5
21. Bxd6 Rd8 22. Rac1 Qf5 23. fxe5 Qd7 24. Qf3 Bxe5 25. Bxe7 Qxe7 26. Rce1 f6
27. Rd1 Rc8 28. Qd5+ Kg7 29. Qd7 Rc7 30. Qxe7+ Rxe7 31. Rd2 Kh6 32. Rfd1 b6 33.
b3 a5 34. Rd7 Rxd7 35. Rxd7 g5 36. g4 Kg6 37. Kg2 h5 38. Rb7 hxg4 39. hxg4 Bd4
40. Rc7 Be5 41. Rc6 Bd4 42. Kf3 Kf7 43. Ke4 Bg1 44. Kf5 Bd4 45. Rd6 Bc3 46.
Rxb6 Ke7 47. Re6+ Kf7 48. Rc6 Bb2 49. Rc7+ Ke8 50. Ke6 Kd8 51. Rc5 1-0

[Event "CYCC U18"]
[Site "Montreal CAN"]
[Date "2014.07.15"]
[Round "1"]
[White "Knox, Christopher"]
[Black "Faraji, Jafar"]
[Result "1-0"]
[WhiteElo "2294"]
[BlackElo "1792"]
[PlyCount "37"]
[EventDate "2014.07.15"]
[EventType "swiss"]
[EventRounds "7"]
[EventCountry "CAN"]

1. d4 Nf6 2. c4 e6 3. Nc3 Bb4 4. e3 O-O 5. Bd3 d5 6. cxd5 exd5 7. Nge2 c6 8.
O-O Re8 9. f3 Be6 10. e4 dxe4 11. fxe4 h6 12. e5 Nd5 13. Qe1 Bf8 14. Qg3 g6 15.
Bxg6 fxg6 16. Qxg6+ Bg7 17. Bxh6 Qe7 18. Bxg7 Bf7 19. Qg3 1-0

[Event "CYCC U18"]
[Site "Montreal CAN"]
[Date "2014.07.15"]
[Round "1"]
[White "Luo, Zhao Yang"]
[Black "Poon, Adrian"]
[Result "1-0"]
[WhiteElo "2063"]
[BlackElo "1118"]
[PlyCount "52"]
[EventDate "2014.07.15"]
[EventType "swiss"]
[EventRounds "7"]
[EventCountry "CAN"]

1. d4 d5 2. Nf3 Nf6 3. c4 c6 4. Nc3 e6 5. Bg5 h6 6. Bh4 g5 7. Bg3 Bd6 8. e3
Bxg3 9. hxg3 Ne4 10. Nxe4 dxe4 11. Nd2 Qa5 12. Qg4 Qb4 13. Rb1 f5 14. Qh5+ Kd8
15. c5 b5 16. Qf7 Nd7 17. Qxe6 Rf8 18. Qxc6 Rb8 19. Qxh6 Kc7 20. Qd6+ Kd8 21.
a3 Qa5 22. c6 b4 23. cxd7 Rb6 24. dxc8=Q+ Kxc8 25. Qxf8+ Kb7 26. Rh7+ Kc6 1-0

[Event "CYCC U18"]
[Site "Montreal CAN"]
[Date "2014.07.15"]
[Round "1"]
[White "Nyamdorj, Davaa-Ochir"]
[Black "D'Souza, Justin"]
[Result "1-0"]
[WhiteElo "2098"]
[BlackElo "1535"]
[PlyCount "151"]
[EventDate "2014.07.15"]
[EventType "swiss"]
[EventRounds "7"]
[EventCountry "CAN"]

1. e4 e6 2. d4 d5 3. Nc3 Bb4 4. exd5 exd5 5. Bd3 Nf6 6. Nge2 Bg4 7. f3 Bh5 8.
Nf4 Bg6 9. Nxg6 hxg6 10. O-O O-O 11. Bg5 Nc6 12. Ne2 Qd7 13. c3 Bd6 14. Qc2
Rfe8 15. Rae1 Ne7 16. Ng3 c5 17. dxc5 Bxc5+ 18. Kh1 Nc6 19. Bxf6 Rxe1 20. Rxe1
gxf6 21. f4 Kg7 22. Qe2 Bd6 23. Qf3 Re8 24. Rf1 d4 25. Bf5 gxf5 26. Nh5+ Kf8
27. Nxf6 Qe7 28. Nxe8 Kxe8 29. Qg3 Kd8 30. Re1 Qd7 31. cxd4 Nxd4 32. Rd1 Ne6
33. Qd3 Ke7 34. Qxf5 Qa4 35. Qd5 Qxf4 36. Qxb7+ Kf6 37. g3 Qc4 38. Qf3+ Ke7 39.
b3 Qa6 40. Rf1 Nd8 41. Qf6+ Kd7 42. Qf5+ Ke8 43. Re1+ Kf8 44. Qe4 Ne6 45. a4
Qb6 46. Qd5 a5 47. Rf1 Ke7 48. Qf3 Nd8 49. h4 Qd4 50. Rd1 Qe5 51. Kg2 Ne6 52.
Rd2 Qc5 53. Rf2 Nd8 54. Qf6+ Ke8 55. Rd2 Qc6+ 56. Qf3 Qc7 57. h5 Ne6 58. h6 Kf8
59. Qg4 Qc6+ 60. Kh2 Be5 61. h7 Bg7 62. Qh4 f6 63. h8=Q+ Bxh8 64. Qxh8+ Kf7 65.
Qh5+ Kg7 66. Qd5 Qc3 67. Qd7+ Kf8 68. Re2 Nc7 69. Qd8+ Kg7 70. Re7+ Kg6 71.
Rxc7 Qb2+ 72. Kh3 Qxb3 73. Qe8+ Kh6 74. Rc5 Qf3 75. Qc6 Qf1+ 76. Kh4 1-0

[Event "CYCC U18"]
[Site "Montreal CAN"]
[Date "2014.07.15"]
[Round "1"]
[White "Wu, Stanley"]
[Black "Li, Kevin"]
[Result "0-1"]
[WhiteElo "1765"]
[BlackElo "2285"]
[PlyCount "58"]
[EventDate "2014.07.15"]
[EventType "swiss"]
[EventRounds "7"]
[EventCountry "CAN"]

1. e4 c5 2. Nc3 Nc6 3. f4 e6 4. Nf3 a6 5. g3 d6 6. Bg2 Nf6 7. d3 Be7 8. Qe2 Qc7
9. h3 b5 10. g4 Bb7 11. b3 Nd4 12. Qd2 d5 13. e5 Nxf3+ 14. Bxf3 Nd7 15. h4 f6
16. exf6 Bxf6 17. Bb2 b4 18. Na4 Bxb2 19. Nxb2 O-O 20. O-O-O Qxf4 21. Rhf1 Qd4
22. Rde1 Ne5 23. Qe2 Qf4+ 24. Kd1 Nxf3 25. Rf2 e5 26. Ref1 e4 27. Na4 Bc8 28.
Nb6 Qf6 29. Rxf3 exf3 0-1

[Event "CYCC U18"]
[Site "Montreal CAN"]
[Date "2014.07.15"]
[Round "2"]
[White "D'Souza, Justin"]
[Black "Wu, Stanley"]
[Result "1/2-1/2"]
[WhiteElo "1535"]
[BlackElo "1765"]
[PlyCount "37"]
[EventDate "2014.07.15"]
[EventType "swiss"]
[EventRounds "7"]
[EventCountry "CAN"]

1. c4 c6 2. Nf3 Nf6 3. g3 d5 4. Bg2 Bf5 5. cxd5 cxd5 6. d4 e6 7. O-O Bd6 8. Nc3
h6 9. Nb5 Be7 10. Bf4 Na6 11. Rc1 O-O 12. Qb3 Qb6 13. h3 Rfd8 14. g4 Be4 15.
Ne5 Bxg2 16. Kxg2 Rac8 17. Nd3 Ne8 18. e3 Nb8 19. Rfe1 1/2-1/2

[Event "CYCC U18"]
[Site "Montreal CAN"]
[Date "2014.07.15"]
[Round "2"]
[White "Datcu-Romano, Alex"]
[Black "Itkin, David"]
[Result "0-1"]
[WhiteElo "1014"]
[BlackElo "2212"]
[PlyCount "93"]
[EventDate "2014.07.15"]
[EventType "swiss"]
[EventRounds "7"]
[EventCountry "CAN"]

1. e4 c5 2. Nf3 d6 3. d4 cxd4 4. Nxd4 Nf6 5. Nc3 Nc6 6. Bb5 Bd7 7. O-O a6 8.
Be2 e6 9. Be3 b5 10. Qd2 b4 11. Na4 Nxd4 12. Bxd4 Bxa4 13. f3 Be7 14. Qxb4 Bc6
15. Qc3 Qc8 16. Rfd1 O-O 17. Rd2 Bb5 18. Rad1 Bxe2 19. Rxe2 Qxc3 20. Bxc3 Rfd8
21. Red2 Rac8 22. Bb4 h5 23. c3 Ne8 24. e5 Bg5 25. Ba5 Bxd2 26. Bxd8 Be3+ 27.
Kf1 Rxd8 28. exd6 Rxd6 29. Re1 Bb6 30. Re5 Rd2 31. Re2 Rd1+ 32. Re1 Rxe1+ 33.
Kxe1 Nd6 34. Ke2 Nf5 35. Kd3 Ne7 36. b4 Bg1 37. h4 Nf5 38. a4 Nxh4 39. c4 Nxg2
40. b5 axb5 41. cxb5 h4 42. a5 h3 43. b6 h2 44. Kc4 h1=Q 45. Kb5 Qh5+ 46. Ka6
Qc5 47. Kb7 0-1

[Event "CYCC U18"]
[Site "Montreal CAN"]
[Date "2014.07.15"]
[Round "2"]
[White "Dukic, Zachary"]
[Black "Luo, Zhao Yang"]
[Result "1-0"]
[WhiteElo "2170"]
[BlackElo "2063"]
[PlyCount "65"]
[EventDate "2014.07.15"]
[EventType "swiss"]
[EventRounds "7"]
[EventCountry "CAN"]

1. e4 c6 2. Nf3 d5 3. exd5 cxd5 4. Ne5 Nc6 5. Bb5 Qc7 6. d4 e6 7. c4 Nf6 8. Nc3
Bb4 9. Bf4 Qb6 10. Qa4 Bd7 11. O-O Bxc3 12. Nxd7 Nxd7 13. bxc3 a6 14. Rab1 O-O
15. c5 axb5 16. Qxa8 Rxa8 17. cxb6 f6 18. Rxb5 Rxa2 19. h4 Na5 20. Rbb1 Nc4 21.
Ra1 Rb2 22. Rfb1 Ndxb6 23. Rxb2 Nxb2 24. Ra7 Nd1 25. Rxb7 Na4 26. Bd2 Ndxc3 27.
Rb4 Ne4 28. Be1 Nac3 29. Kf1 Na2 30. Rb2 Nc1 31. f3 Nd3 32. Rb8+ Kf7 33. fxe4
1-0

[Event "CYCC U18"]
[Site "Montreal CAN"]
[Date "2014.07.15"]
[Round "2"]
[White "Faraji, Jafar"]
[Black "Den Bok, Daniel"]
[Result "1-0"]
[WhiteElo "1792"]
[BlackElo "1596"]
[PlyCount "79"]
[EventDate "2014.07.15"]
[EventType "swiss"]
[EventRounds "7"]
[EventCountry "CAN"]

1. Nf3 Nf6 2. g3 g6 3. Bg2 Bg7 4. O-O O-O 5. d4 d5 6. b3 Nc6 7. Bb2 Re8 8. Nbd2
Bf5 9. Nh4 Bd7 10. c4 e6 11. e3 b6 12. f4 Rc8 13. Nhf3 a5 14. Ne5 Nxe5 15. fxe5
Ne4 16. Nxe4 dxe4 17. Bxe4 c5 18. Qf3 Rf8 19. d5 Qe8 20. d6 Bc6 21. Rad1 Bxe4
22. Qxe4 Qc6 23. Qf4 Rcd8 24. a4 Rd7 25. g4 Bh8 26. g5 Kg7 27. e4 Rg8 28. Qf6+
Kf8 29. Qxe6 Qb7 30. Qd5 Ke8 31. e6 Qxd5 32. exd7+ Kxd7 33. Rxd5 Bxb2 34. Rxf7+
Kd8 35. Ra7 Re8 36. Ra8+ Kd7 37. Rxe8 Kxe8 38. d7+ Kd8 39. e5 Bc3 40. e6 1-0

[Event "CYCC U18"]
[Site "Montreal CAN"]
[Date "2014.07.15"]
[Round "2"]
[White "Kalra, Agastya"]
[Black "Knox, Christopher"]
[Result "0-1"]
[WhiteElo "2083"]
[BlackElo "2294"]
[PlyCount "54"]
[EventDate "2014.07.15"]
[EventType "swiss"]
[EventRounds "7"]
[EventCountry "CAN"]

1. e4 c5 2. Nf3 g6 3. d4 cxd4 4. Nxd4 Nc6 5. c4 Bg7 6. Nc2 Nf6 7. Nc3 d6 8. Be2
Nd7 9. O-O Bxc3 10. bxc3 Qa5 11. Rb1 Nc5 12. f3 Be6 13. Nb4 O-O 14. Bh6 Rfe8
15. Nxc6 bxc6 16. Qd4 f6 17. f4 Qxa2 18. e5 Qxe2 19. exf6 Bf7 20. fxe7 Ne6 21.
Qf6 Qh5 22. f5 Qxh6 23. Rf3 Ng5 24. Re3 d5 25. cxd5 cxd5 26. fxg6 Qxg6 27. Qf1
Ne4 0-1

[Event "CYCC U18"]
[Site "Montreal CAN"]
[Date "2014.07.15"]
[Round "2"]
[White "Li, Kevin"]
[Black "Nyamdorj, Davaa-Ochir"]
[Result "1/2-1/2"]
[WhiteElo "2285"]
[BlackElo "2098"]
[PlyCount "55"]
[EventDate "2014.07.15"]
[EventType "swiss"]
[EventRounds "7"]
[EventCountry "CAN"]

1. e4 e5 2. Nf3 Nc6 3. Bb5 Nf6 4. O-O Nxe4 5. Re1 Nd6 6. Nxe5 Be7 7. Bf1 Nxe5
8. Rxe5 O-O 9. d4 Ne8 10. Nc3 d6 11. Re1 Bg5 12. Bd3 Bxc1 13. Qxc1 d5 14. Qf4
c6 15. Re3 Qf6 16. Ne2 Qxf4 17. Nxf4 Nd6 18. c3 Bf5 19. Rae1 Bxd3 20. Nxd3 Rfe8
21. f3 Rxe3 22. Rxe3 Re8 23. Rxe8+ Nxe8 24. Nc5 Nd6 25. Kf2 Kf8 26. Ke2 Ke7 27.
b3 b6 28. Nd3 1/2-1/2

[Event "CYCC U18"]
[Site "Montreal CAN"]
[Date "2014.07.15"]
[Round "2"]
[White "Robichaud, Nicolas"]
[Black "Leenus, Alvin"]
[Result "1-0"]
[WhiteElo "1715"]
[BlackElo "1131"]
[PlyCount "85"]
[EventDate "2014.07.15"]
[EventType "swiss"]
[EventRounds "7"]
[EventCountry "CAN"]

1. e4 e5 2. Nf3 Nc6 3. Bb5 d6 4. c3 Bd7 5. O-O g6 6. d4 Bg7 7. Re1 h6 8. Bc4
Na5 9. Bd3 Bg4 10. d5 b6 11. h3 Bd7 12. Ba6 Rb8 13. Na3 b5 14. b4 Rb6 15. Bxb5
Bxb5 16. bxa5 Rb7 17. a6 Rb8 18. Nxb5 Rxb5 19. Be3 c5 20. dxc6 Qc7 21. Rb1 Qxc6
22. Rxb5 Qxb5 23. Qxd6 Ne7 24. Bxa7 Nc6 25. Rd1 f5 26. Qxg6+ Kf8 27. Qxf5+ Kg8
28. Nh4 Qe2 29. Rd7 Qc4 30. Rxg7+ Kxg7 31. Qg6+ Kf8 32. Qf6+ Kg8 33. Ng6 Ne7
34. Qxh8+ Kf7 35. Nxe5+ Ke6 36. Nxc4 h5 37. Qe5+ Kf7 38. Qd6 Ke8 39. Bc5 Nc8
40. Qe6+ Kd8 41. Ne5 Kc7 42. Qc6+ Kb8 43. Nd7# 1-0

[Event "CYCC U18"]
[Site "Montreal CAN"]
[Date "2014.07.16"]
[Round "3"]
[White "Den Bok, Daniel"]
[Black "D'Souza, Justin"]
[Result "0-1"]
[WhiteElo "1596"]
[BlackElo "1535"]
[PlyCount "52"]
[EventDate "2014.07.15"]
[EventType "swiss"]
[EventRounds "7"]
[EventCountry "CAN"]

1. d4 Nf6 2. c4 c5 3. d5 e6 4. dxe6 fxe6 5. Nc3 d5 6. Bg5 d4 7. Ne4 Be7 8. Bxf6
Bxf6 9. a3 O-O 10. g3 Qb6 11. Qc2 e5 12. Bg2 Bf5 13. Qd2 Nc6 14. Nd6 Bg6 15.
Be4 Na5 16. Bd5+ Kh8 17. Ne4 Nb3 18. Qd1 Nxa1 19. Qxa1 Rad8 20. Nf3 Rxd5 21.
Nxf6 Qxf6 22. cxd5 e4 23. Nh4 Qxf2+ 24. Kd1 Qf1+ 25. Rxf1 Rxf1+ 26. Kd2 e3# 0-1

[Event "CYCC U18"]
[Site "Montreal CAN"]
[Date "2014.07.16"]
[Round "3"]
[White "Itkin, David"]
[Black "Li, Kevin"]
[Result "1/2-1/2"]
[WhiteElo "2233"]
[BlackElo "2285"]
[PlyCount "96"]
[EventDate "2014.07.15"]
[EventType "swiss"]
[EventRounds "7"]
[EventCountry "CAN"]

1. e4 c5 2. Nf3 d6 3. d4 cxd4 4. Nxd4 Nf6 5. Nc3 Nc6 6. Be2 e6 7. Be3 Be7 8.
O-O O-O 9. f4 a6 10. Kh1 Qc7 11. a4 Bd7 12. Nb3 b6 13. Bf3 Rab8 14. g4 Bc8 15.
g5 Nd7 16. Bg2 Re8 17. Qh5 g6 18. Qh6 Bf8 19. Qh4 Nb4 20. Bd4 e5 21. fxe5 Nxe5
22. Rf2 Bg7 23. Raf1 Re7 24. Qf4 Bd7 25. Qd2 Rc8 26. Ne2 a5 27. Nf4 Bxa4 28. c3
Bxb3 29. cxb4 a4 30. Bh3 Rce8 31. Rc1 Qb7 32. Bg2 Rc7 33. Bc3 Qb8 34. Rcf1 Qd8
35. Nd5 Bxd5 36. Qxd5 Qxg5 37. Qxd6 Rd7 38. Qxb6 Ng4 39. Rf3 Bxc3 40. bxc3 Rd2
41. Rg3 Qh4 42. Qg1 Re5 43. Rgf3 Rh5 44. h3 a3 45. Qa7 Ne5 46. Rxf7 Qxh3+ 47.
Bxh3 Rxh3+ 48. Kg1 Rg3+ 1/2-1/2